000 01783nam a2200241Ia 4500
999 _c51682
_d51682
001 18673
003 GE_BSU
005 20220920110314.0
008 181216s2012||||ge |||||||||||||| ||geo||
040 _cGE_BSU
041 _ageo
080 _a57 გ-99
100 _aგუჩმანიძე, არჩილ
_911617
245 _aსაქართველოს შავი ზღვის სანაპიროს ზუთხისებრი, გენეზისი,ტაქსონომიური შემადგენლობა, ბიოეკოლოგია, ოტოლითების აგებულება და კონსერვაცია : დისერტაცია /
_cარჩილ გუჩმანიძე; სამეცნიერო ხელმძღვანელი თ. გოგმაჩაძე; ბათუმის შოთა რუსთაველის სახ-ფო უნ-ტი.
264 _aბათუმი,
_c2012.
300 _a181 გვ. ;
_b30 სმ.
653 _aბიოლოგია
653 _aდისერტაცია
653 _aსაქართველოს შავი ზღვის სანაპიროს ზუთხისებრი, გენეზისი,ტაქსონომიური შემადგენლობა, ბიოეკოლოგია, ოტოლითების აგებულება და კონსერვაცია
700 _aგოგმაჩაძე, თ.
_eსამეცნიერო ხელმძღვანელი
_92676
710 _aბათუმის შოთა რუსთაველის სახ-ფო უნ-ტი.
_911618
942 _cBK
_2udc